Movies Quiz

Random Movies or Clickable Quiz

Did they work with Alfred Hitchcock? (Clickable) Quiz Stats

 Plays Quiz not verified by Sporcle

Challenge
Share
Tweet
Embed
Score 0/50 Timer 06:00
0 Plays Today
% Correct
Anthony Perkins
96.9%
Cary Grant
96.4%
Grace Kelly
94.9%
James Stewart
94.4%
Janet Leigh
93.3%
Kim Novak
93.3%
Eva Marie Saint
92.3%
Tippi Hedren
91.8%
Ingrid Bergman
91.2%
Doris Day
87.7%
Joan Fontaine
87.6%
Gregory Peck
86.1%
Vera Miles
85.1%
Joseph Cotten
84.8%
Farley Granger
84.8%
James Mason
82.2%
Claude Rains
81.2%
Ray Milland
80.7%
Sean Connery
80.6%
Henry Fonda
80.4%
Raymond Burr
80.2%
Paul Newman
78.9%
Martin Landau
77%
Montgomery Clift
76.6%
Julie Andrews
76%
% Correct
Rod Taylor
75.7%
Shirley McLaine
75.2%
Robert Cummings
75.2%
Robert Donat
74.8%
Teresa Wright
74%
Peter Lorre
73.5%
Charles Laughton
73.2%
Bruce Dern
72.1%
Robert Walker
72.1%
Laurence Olivier
72.1%
Jessica Tandy
70.6%
Jane Wyman
69.4%
George Sanders
69%
Anne Baxter
68.8%
Marlene Dietrich
68.6%
Joel McCrea
65.4%
Carole Lombard
63.7%
Priscilla Lane
62.6%
Michael Redgrave
62.4%
Alida Valli
60.6%
Sylvia Sidney
60.3%
Ruth Roman
59.5%
Karl Malden
58.5%
Maureen O'Hara
56.7%
John Gielgud
54.7%

You're not logged in!

Compare scores with friends on all Sporcle quizzes.
Join for Free
OR
Log In

You Might Also Like...

Show Comments

Extras

Top Quizzes Today


Score Distribution

Your Account Isn't Verified!

In order to create a playlist on Sporcle, you need to verify the email address you used during registration. Go to your Sporcle Settings to finish the process.

Report this User

Report this user for behavior that violates our Community Guidelines.

Details: